| 000 | 00482nam a2200193Ia 4500 | ||
|---|---|---|---|
| 005 | 20250627115322.0 | ||
| 008 | 008 250516s9999 xx 000 0 eng d | ||
| 020 | _a9783527820801 | ||
| 040 |
_beng _cSDCL |
||
| 041 |
_aeng _2eng |
||
| 084 | _aE9G,982:f3 Q9 | ||
| 100 |
_aBisswanger, Hans _9462458 |
||
| 245 | 0 | _aPractical enzymology | |
| 250 | _a3rd ed. | ||
| 260 |
_aVerlag : _bWiley, _c2019. |
||
| 300 | _axviii, 393p. | ||
| 650 | _aMicrobiology | ||
| 942 |
_cTEXL _2CC |
||
| 999 |
_c1430856 _d1430856 |
||